| 000 | 00445nam a2200169Ia 4500 | ||
|---|---|---|---|
| 008 | 240729s9999 xx 000 0 und d | ||
| 022 | _a2314-4378 | ||
| 245 | 0 | _aInternational Journal of Genomics | |
| 260 | _aUnited Kingdom | ||
| 260 | _bHindawi Limited | ||
| 650 | _a Biology (General) | ||
| 650 | _a Genetics | ||
| 650 | _aScience | ||
| 856 | _uhttps://doaj.org/toc/dcb81c9f87e8406781bace420aa4b57d | ||
| 942 | _2ddc | ||
| 942 | _cDOAJEJ | ||
| 999 |
_c71692 _d71692 |
||
| 945 |
_a1 _bMadushi Gamage _c1 _dMadushi Gamage |
||